000 00639nam a2200229Ia 4500
003 OSt
005 20220918214127.0
006 a|||||r|||| 00| 0
007 ta
008 220917b |||||||| |||| 00| 0 eng d
024 _a135,979
037 _cTextual
040 _aARTS
_cARTS
_beng
041 _2eng
_aeng
082 _aX751.654, K4
100 _aSchatz Sayre P
_9124243
245 0 _aDevelopment bank lending in Nigeria
_b the federal loans board
260 _aIbadan
_bOxford University Press
_c1964
650 _aECONOMICS
942 _hX751.654, K4
_cTEXL
_2CC
999 _c259069
_d259069